000 00574 a2200205 4500
005 20260103120853.0
008 260103b |||||||| |||| 00| 0 eng d
020 _a9789354798146
_cRs. 925.00
040 _aMAIN
082 _a300.72
_bM334U(2)
100 _aMarcus Banks
245 _aUsing visual data in qualitative research: The sage qualitative research kit
250 _a2nd
260 _bSage Publications India
_c2025
_aNew Delhi
300 _axvi, 170
650 _aSocial Science
650 _aResearch Methods
700 _aFlick, Uwe, ed.
942 _cBK
999 _c394116
_d394116